000 01017cam a2200313 4500
001 8083
003 BD-RjUL
005 20211208234524.0
008 140116s1973 ne bs 001 0 eng d
020 _a0444105158 (American Elsevier)
035 _a(BD-RjUL)
040 _aDLC
_cDLC
_d(BD-RjUL)
_beng
041 _aeng
082 0 0 _a338.9
_bSTU
245 1 0 _aStudies in economic planning over space and time.
_cEd. by George G. Judge and Takashi Takayama.
260 _aAmsterdam,
_bNorth-Holland Pub. Co.;
_aNew York,
_bAmerican Elsevier Pub. Co.,
_c1973.
300 _axii, 727 p. ;
_c23 cm.
350 _afl187.20
504 _aIncludes bibliographies.
650 0 _aEconomic policy.
_925215
650 0 _aInput-output analysis.
_925216
650 0 _aEconomic policy
_xMathematical models.
_925217
650 0 _aPlanning.
_925218
700 1 _d1929-
_ejoint author.
_925219
942 _2ddc
_cBK
999 _c8083
_d8083